El escritor y sus problemas /

Obra en que se explica cómo se ejerce el oficio de escritor, en qué consiste esta profesión, cómo gana dinero y de qué vive, cómo sobrevive a la batalla cotidiana para publicar textos literarios. Estos y otros problemas son examinados por René Avilés Fabila con la intensión de desmitificar la figura...

ver descrição completa

Na minha lista:
Detalhes bibliográficos
Autor principal: Avilés Fabila, René (autor)
Formato: Livro
Idioma:espanhol
Publicado em: México : Fondo de Cultura Económica, 1975, c1975
Colecção:(Archivo del Fondo ; 42)
Assuntos:
Tags: Adicionar Tag
Sem tags, seja o primeiro a adicionar uma tag!

MARC

LEADER 00000nam^a2200000^a^4500
001 000414881
005 20250521000000.0
009 20260310122243.754
037 |a Acervo ITESO - Biblioteca 
041 |a ESP 
082 |a 809.  |b AVI 
100 |a Avilés Fabila, René  |e (autor) 
245 1 3 |a El escritor y sus problemas /  |c R. Avilés Fabila. 
264 4 |a México :  |b Fondo de Cultura Económica,  |c 1975, c1975 
300 |a 86 p. 
336 |a texto  |b txt  |2 rdacontenido 
337 |a sin mediación  |b n  |2 rdamedio 
338 |a volumen  |b nc  |2 rdasoporte 
440 1 |a (Archivo del Fondo ;  |v 42) 
520 |a Obra en que se explica cómo se ejerce el oficio de escritor, en qué consiste esta profesión, cómo gana dinero y de qué vive, cómo sobrevive a la batalla cotidiana para publicar textos literarios. Estos y otros problemas son examinados por René Avilés Fabila con la intensión de desmitificar la figura del escritor como un ser ajeno al universo y que vive de forma romántica. 
545 0 |a Destacado escritor mexicano de la generación de “la onda”, René Avilés Fabila (México, 1940-2016), incursionó en la literatura fantástica con temáticas recurrentes a lo erótico, al amor y la muerte, con tramas narradas en ambientes urbanos y haciendo uso de un lenguaje coloquial que pretendía ser realista. Sus obras se caracterizan por estar salpicadas de humor, ironía, sarcasmo e irreverencia; además, los finales inesperados involucran a sus lectores en la conclusión de las historias. Obtuvo una beca del Centro Mexicano de Escritores (1965) y bajo la dirección de grandes autores como Juan Rulfo, Juan José Arreola y Francisco Monterde, escribió su opera prima en cuento, Hacia el fin del mundo, en 1969 y, aunque tiene su obra más prolífica en ese género, es mejor conocido por sus novelas, entre las que destacan Los juegos (1967), Tantadel (1975), El gran solitario de palacio (1971) y El amor intangible (2008). Ganador del Premio Nacional de Periodismo (1991) y del Premio Bellas Artes de Narrativa Colima por Los animales prodigiosos (1997). 
649 |a XX 
650 |a Escritores -  |x Prácticas Profesionales -  |x Tema Principal 
650 |a Industria Editorial 
650 |a Industria Cultural 
650 |a Imaginación Literaria 
650 |a Inspiración (Arte) 
650 |a Creación (Literaria, Artística, etc.) -  |x Tema Principal 
650 |a Literatura -  |x Teoría 
910 |a Fondo General 
920 |a Impresos - Libros 
930 |a Colección General 
940 |a Literatura 
905 |a 101 
901 |a 0500324440  |b IT1  |c LIT  |i D115437  |u 20250521 
902 |a https://opac.biblio.iteso.mx/vufind/Record/000414881